000 00927cam a2200277 i 4500
001 63296
003 Mx-PuUPA
005 20240510123918.0
008 150803s1989 mx b r 000 0 spa d
020 _a9682315077
040 _aMX-PuUPA
_bspa
_erda
_cMx-PuUPA
_dMx-PuUPA
041 0 _aspa
100 1 _aValdés, Luz María,
_eautor
_96043
245 1 3 _aEl perfil demográfico de los indios mexicanos /
_cpor Luz María Valdés.
250 _aSegunda edición /
_baumentada
264 1 _aMéxico, D.F. :
_bSiglo xxi Editores,
_c1989
300 _a160 páginas :
_bmapas, tablas ;
_c18 cm
336 _atexto
_2rdacontent
_btxt
337 _asin medio
_2rdamedia
_bn
338 _avolumen
_2rdacarrier
_bnc
490 0 _aEconomía y demografía
650 7 _2armarc
_aIndios de México
_xPoblación
_xEstadísticas
942 _2ddc
_cLI
_h305.8972
_iV135
999 _c63296
_d63296